000 01766nam a2200241 a 4500
003 AM-YEHGA
005 20260403152020.0
008 260305s1991 ir |||fr|||| 00||0 per d
040 _aAM-YEHGA
041 1 _aper
100 1 _aراس، آلن اُ‪‪‪‪‪‪‪‪‪‪‪‪‪‪‪‪‪‪‪‪‪‪‪‪‪‪‪‪
_d1921-1993
_c(Alan O. Ross)
245 1 0 _aاختلالات روانی کودکان :‪‪‪‪‪‪‪‪‪‪‪‪‪‪‪‪‪‪‪‪‪‪‪‪‪‪‪‪
_bرویکردی رفتاری به نظریه ها، پژوهش و درمان /‪‪‪‪‪‪‪‪‪‪‪‪‪‪‪‪‪‪‪‪‪‪‪‪‪‪‪‪
_cنوشتۀ پروفسور آلن. اُ. راس ; ترجمۀ دکتر امیرهوشنگ مهریار با همکاری فریده یوسفی.‪‪‪‪‪‪‪‪‪‪‪‪‪‪‪‪‪‪‪‪‪‪‪‪‪‪‪‪
246 3 1 _aChildren's mental disorders :
_bA Behavioral approach to theories, research and treatment
250 _aچاپ اول‪‪‪‪‪‪‪‪‪‪‪‪‪‪‪‪‪‪‪‪‪‪‪‪‪‪‪‪
260 _aتهران :‪‪‪‪‪‪‪‪‪‪‪‪‪‪‪‪‪‪‪‪‪‪‪‪‪‪‪‪
_bانتشارات رشد,‪‪‪‪‪‪‪‪‪‪‪‪‪‪‪‪‪‪‪‪‪‪‪‪‪‪‪‪
_c1991 [1370].
300 _a612 p.
650 1 4 _aPsychology
650 1 4 _aChild psychology
_xTheories, research and treatment
700 1 _aمهریار، امیرهوشنگ‪‪‪‪‪‪‪‪‪‪‪‪‪‪‪‪‪‪‪‪‪‪‪‪‪‪‪‪
_4trl
700 1 _aیوسفی، فریده‪‪‪‪‪‪‪‪‪‪‪‪‪‪‪‪‪‪‪‪‪‪‪‪‪‪‪‪
942 _2udc
_cBK
001 2052700
999 _c541866
_d541866